000 00684nam a22001217a 4500
008 110616t xxu||||| |||| 00| 0 eng d
010 _aCACAF41
245 _aThe Court of Appeal Criminal Appeal No.30 of 1997 Tinkasimire Patrick Vs Uganda
260 _c1997
500 _aCoram: Hon. Mr. Justice G.M. Okello , J. A. Hon. Mr. Justice A. Twinomujuni, J.A. Hon. Lady Justice C.N.B. Kitumba, J.A.
500 _aAppeal against Conviction and sentence by the High Court of Uganda at Fort Portal (Rajasingham,J. ) dated 9-5-1995 in Criminal session Case No. 283 of 1993.
999 _c3097
_d3097